000 00606nam a22002057a 4500
003 KOHA_MİRAKIL
005 20260330113925.0
008 260330b tu ||||| |||| 00| 0 tur d
020 _a9786257588744
040 _aTR-AnABB
_btur
_cTR-AnABB
041 _atur
082 _a711.40956511
_bTUN 2021
100 1 _aTunçer, Mehmet
245 1 0 _aGüzel şehir ilkeleri :
_beski Prag-eski Ankara /
_cMehmet Tunçer
260 _aAnkara :
_bGazi Kitabevi,
_c2021
300 _a224 sayfa ;
_c20 cm
650 0 4 _aKent mimarisi, Ankara
650 0 4 _aKent mimarisi, Prag
942 _2ddc
_cBK
999 _c10084
_d10084
900 _bCem ÖZOGLU